000 01096nam a2200205Ia 4500
003 Ost
005 20260507075530.0
008 260507s9999||||xx |||||||||||||| ||und||
020 _a9772121131
040 _cfsecg
041 _aara
100 _aكمال، طارق محمد
_eمؤلف
245 0 _aتحديات العولمة /
_c طارق محمد كمال
260 _aالاسكندرية:
_bمؤسسة شباب الجامعة,
_c2008
300 _a131 صفحة؛
_bإيضاحات ؛
_c24 سم
504 _aبيبليوغرافيا: ص.129
520 _aتحديات القرن الحادي والعشرين، العولمة ذلك الإعصار الغامض، قضية الإنتماء، ثورة المعلومات، تقدم تكنولوجي هائل، ديناميكية العولمة، مضار العولمة، القومية والتكتلات الكبرى، مضار العولمة، رؤية مستقبلية للعمل، أهمية التعلم والثقافة، الدور المنوط بالدولة للقيام به
653 _aالعولمة
942 _cكتاب
999 _c44819
_d44819